| 000 | 00384nam a2200145Ia 4500 | ||
|---|---|---|---|
| 008 | 240624s9999 xx 000 0 und d | ||
| 041 | _aeng | ||
| 082 | _a658.7 RUS | ||
| 100 | _aRUSHTON ALAN | ||
| 245 | _aHANDBOOK OF LOGISTICS AND DISTRIBUTION MANAGEMENT | ||
| 250 | _a(5th ed.) | ||
| 260 |
_c2014 _aLondon _bKogan Page |
||
| 300 | _axxix, : 689 : p. : cm. ; 24 | ||
| 365 |
_cGBP _b30 |
||
| 999 |
_c27600 _d27600 |
||